Normal view MARC view
  • Mistral, Gabriela,

Entry Nombre Personal

Number of records used in: 1

001 - NUMERO DE CONTROL

  • campo de control: 29249

003 - IDENTIFICADOR DE NUMERO DE CONTROL

  • campo de control: UPN

005 - FECHA Y HORA DE LA ÜLTIMA TRANSACCIÓN

  • campo de control: 20210219194401.0

008 - DATOS DE LONGITUD FIJA

  • campo de control de longitud fija: nabaccnnaabn|||||||||| b |nc|||||d

035 ## - NUMERO DE CONTROL

  • Número de control: UPN11000001355

040 ## - FUENTE DE CATALOGACIÓN

  • Lenguaje de catalogación: SPA
  • Agencia de transcripción: UPN

053 #4 - NÚMERO DE CLASIFICACIÓN LC

  • Número de clasificación elemento-número único o número inicial de tramo: PQ8097 M5

100 1# - ENCABEZAMIENTO - NOMBRE PERSONAL

  • Nombre personal: Mistral, Gabriela,
  • Fechas asociadas con el nombre: 1889-1957

400 1# - VEÁSE - NOMBRE DE PERSONA

  • Personal name: Godoy Alcayaga, Lucila de María del Perpetuo Socorro,
  • Dates associated with a name: 1889-1957

670 ## - FUENTE EN LA QUE SE LOCALIZARON DATOS

  • Cita de la fuente: T
  • Información localizada: Salvat universal

680 ## - NOTA PUBLICA DE ACCESO PÚBLICO

  • Frase explicativa de la referencia: Poetisa, diplomática, feminista y pedagoga chilena

902 ## - CATALOGADOR

  • Catalogador: DAA/070508